000 01540nam a22004097a 4500
003 CHAP
005 20220329143119.0
008 060502d2006 mx r 00110 spa d
010 _a92128
011 _a93100
035 _a103671
040 _cCHAP
090 _aTesis
100 1 _aMartínez Sandoval, Lucina.
_972512
245 1 0 _aQL AGRI 35 (Quillaja saponaria Mol) una alternativa para el control de Meloidogyne incognita en el cultivo de pepino en Sinaloa, México
_c/por Lucina Martínez Sandoval
260 _aChapingo, Méx. :
_bEl autor,
_c2006.
300 _a99 h.
502 _aTesis (M. C. en Protección Vegetal) - - UACH. Departamento de Parasitología Agrícola. Posgrado en Protección Vegetal
590 _aALEPH
_b10
_c20130110
_lUCH01
_h1511
590 _aBATCH-UPD
_b10
_c20130110
_lUCH01
_h0359
590 _aBATCH-UPD
_b10
_c20130110
_lUCH01
_h1954
590 _aBATCH-UPD
_b10
_c20130410
_lUCH01
_h0032
590 _aBATCH-UPD
_b10
_c20130914
_lUCH01
_h1130
590 _aCONVERSION
_b10
_c20130109
_lUCH01
_h1351
650 0 4 _aPepino
_xSinaloa.
_986930
650 1 4 _aCultivos en invernadero.
_930376
650 1 4 _aMeloidogyne incognita.
_974432
650 1 4 _aPepino
_xPlagas.
_986921
650 1 4 _aPepino
_xPlagas
_xControl.
_986922
650 1 4 _aPepino
_xVariedades.
_986934
650 1 4 _aQuillaja saponaria.
_993320
901 _aBK
905 _aLilia
942 _cFOLL
949 _aTesis
_bBC
_cTES
_d33724000985560
_eTS2
_fc.2
_h45058
_i103671
_sb
949 _aTesis
_bBC
_cTES
_d33724000985628
_eTS1
_h45057
_i103671
_sb
999 _c92128
_d92128